El Acto administrativo / José Roberto Dromi
ISBN:
84-7088-419-0
Descripción Física:
299 p. ; 21 cm
Colección:
Estudios. Derecho público
MARC
| LEADER | 00000nam a2200000Ia 4500 | ||
|---|---|---|---|
| 001 | 20514 | ||
| 008 | 160829s1985 xx 000 0 cat d | ||
| 020 | |a 84-7088-419-0 | ||
| 080 | |a M-6-52 | ||
| 100 | |a Dromi, José Roberto |9 42489 | ||
| 245 | |a El Acto administrativo / José Roberto Dromi | ||
| 260 | |a Madrid : |b Instituto de Estudios de Administración Local, |c 1985 | ||
| 300 | |a 299 p. ; |c 21 cm | ||
| 490 | |a Estudios. Derecho público | ||
| 590 | |a Bibliografia | ||
| 650 | 0 | |a Procediment administratiu |9 24888 | |
| 650 | |a Actes administratius |9 24889 | ||
| 710 | 2 | |a Instituto de Estudios de Administración Local (Espanya) |9 54775 | |
| 901 | |a Arxiu | ||
| 942 | |n 1 | ||
| 952 | |0 0 |1 0 |4 0 |6 M652 |7 1 |9 50866 |a Arxiu |b Arxiu |d 2016-12-01 |l 0 |o M-6-52 |p 20514 |r 2016-12-01 00:00:00 |w 2016-12-01 |y ARXIU | ||
| 999 | |c 54708 |d 54708 | ||